[Event "San Francisco Grey Memorial"]
[Site "San Francisco"]
[Date "2017.09.12"]
[Round "6"]
[White "Robertson, Terrance"]
[Black "James, Charles"]
[Result "1/2-1/2"]
[WhiteElo "1433"]
[BlackElo "1382"]
[PlyCount "117"]
[EventDate "2017.08.08"]
[EventType "swiss"]
[EventRounds "9"]
[EventCountry "USA"]
[SourceTitle "EXT 2023"]
[Source "ChessBase"]
[SourceDate "2022.10.05"]
[SourceVersion "1"]
[SourceVersionDate "2022.10.05"]
[SourceQuality "1"]

1. e4 c5 2. Nf3 d6 3. d4 cxd4 4. Nxd4 a6 5. Nc3 Nf6 6. Be2 e5 7. Nb3 Be7 8. Bg5 Nbd7 9. Bxf6 Nxf6 10. 0-0 0-0 11. f3 Be6 12. Nd5 Nxd5 13. exd5 Bd7 14. c4 Rc8 15. Kh1 Bg5 16. g3 Bh3 17. Re1 Bd7 18. Nd2 f5 19. Bf1 Rf6 20. b3 Rh6 21. Re2 Bf6 22. Rb1 g5 23. h3 g4 24. Rh2 gxf3 25. Nxf3 e4 26. Nd4 Be5 27. Ne2 Qg5 28. Qc1 e3 29. h4 Qg4 30. Qxe3 Rg6 31. Bh3 Qh5 32. Nf4 Bxf4 33. Qxf4 Re8 34. Bg2 Re5 35. Bf3 Qh6 36. Qxh6 Rxh6 37. Re2 Rg6 38. Rxe5 dxe5 39. Kg2 e4 40. Bh5 Rf6 41. Rf1 Kg7 42. Rf4 Kh6 43. Be2 Kg6 44. Kf2 h5 45. Ke3 Kh6 46. c5 Rg6 47. Kf2 b5 48. c6 Bc8 49. a4 bxa4 50. bxa4 a5 51. Bb5 Rd6 52. Bc4 Kg6 53. Ke3 Kf6 54. Kd4 Rd8 55. Bb3 Ba6 56. Ba2 Bc8 57. Kc5 e3 58. d6 Ba6 59. c7 1/2-1/2

[Event "San Francisco Benson Memorial"]
[Site "San Francisco"]
[Date "2016.09.20"]
[Round "8"]
[White "James, Charles"]
[Black "Donnelly, Patrick T"]
[Result "1/2-1/2"]
[WhiteElo "1380"]
[BlackElo "1641"]
[PlyCount "48"]
[EventDate "2016.08.02"]
[EventType "swiss"]
[EventRounds "9"]
[EventCountry "USA"]
[SourceTitle "EXT 2018"]
[Source "ChessBase"]
[SourceDate "2017.10.13"]
[SourceVersion "1"]
[SourceVersionDate "2017.10.13"]
[SourceQuality "1"]

1. d4 Nf6 2. c4 g6 3. Nc3 d5 4. cxd5 Nxd5 5. e4 Nxc3 6. bxc3 Bg7 7. Bc4 0-0 8. Ne2 b6 9. 0-0 Bb7 10. f3 Nd7 11. Be3 c5 12. Qd2 cxd4 13. cxd4 Rc8 14. Rac1 e5 15. Bh6 Bxh6 16. Qxh6 exd4 17. Rfd1 Qf6 18. Rxd4 Ne5 19. Ng3 Nxf3+ 20. gxf3 Qxd4+ 21. Kg2 Rxc4 22. Rxc4 Qxc4 23. Nf5 Qxa2+ 24. Kg3 gxf5 1/2-1/2

[Event "San Francisco TNM Summer op"]
[Site "San Francisco"]
[Date "2016.06.21"]
[Round "5"]
[White "James, Charles"]
[Black "Rakonitz, David"]
[Result "1-0"]
[WhiteElo "1342"]
[BlackElo "1659"]
[PlyCount "97"]
[EventDate "2016.05.24"]
[EventType "swiss"]
[EventRounds "8"]
[EventCountry "USA"]
[SourceTitle "EXT 2018"]
[Source "ChessBase"]
[SourceDate "2017.10.13"]
[SourceVersion "1"]
[SourceVersionDate "2017.10.13"]
[SourceQuality "1"]

1. d4 Nf6 2. c4 e6 3. Nc3 Bb4 4. Qc2 c5 5. dxc5 0-0 6. a3 Bxc5 7. Bf4 Nc6 8. Nf3 Nd4 9. Nxd4 Bxd4 10. e3 Bb6 11. Bd6 Re8 12. c5 Bc7 13. Nb5 Nd5 14. Bd3 h6 15. 0-0 a6 16. Bxc7 Nxc7 17. Nd6 Rf8 18. e4 Ne8 19. e5 Nxd6 20. cxd6 b5 21. Be4 Rb8 22. Rac1 Bb7 23. Bxb7 Rxb7 24. Qe4 Qb6 25. b4 f6 26. Rc5 fxe5 27. Qxe5 Rbb8 28. Rfc1 Rbc8 29. Rxc8 Qxf2+ 30. Kh1 Rxc8 31. Rxc8+ Kh7 32. Rc1 Qd2 33. Qc5 Qf4 34. Kg1 Qf6 35. Qc2+ Kg8 36. Qc8+ Kh7 37. Rf1 Qd4+ 38. Kh1 Qxd6 39. Qc2+ Kg8 40. Rd1 Qe5 41. g3 d5 42. Qg6 Qe2 43. Qd3 Qxd3 44. Rxd3 Kf7 45. Kg2 Ke7 46. Kf3 Kd6 47. Kf4 e5+ 48. Kf5 d4 49. Ke4 1-0

[Event "San Francisco TNM Winter op"]
[Site "San Francisco"]
[Date "2016.02.16"]
[Round "7"]
[White "Robeal, Rafik"]
[Black "James, Charles"]
[Result "1-0"]
[WhiteElo "1718"]
[BlackElo "1369"]
[PlyCount "53"]
[EventDate "2016.01.05"]
[EventType "swiss"]
[EventRounds "8"]
[EventCountry "USA"]
[SourceTitle "EXT 2018"]
[Source "ChessBase"]
[SourceDate "2017.10.13"]
[SourceVersion "1"]
[SourceVersionDate "2017.10.13"]
[SourceQuality "1"]

1. d4 d5 2. Bf4 Nf6 3. e3 c6 4. Nf3 Bf5 5. Nbd2 Nbd7 6. Nh4 Bg6 7. Nxg6 hxg6 8. h3 Nh5 9. Bh2 f5 10. Bd3 e6 11. c3 c5 12. dxc5 Nxc5 13. Bb5+ Kf7 14. Nf3 Ne4 15. Ne5+ Kf6 16. Qd4 Bc5 17. Nd7+ Ke7 18. Nxc5 Qb6 19. Nxe4 Qxd4 20. exd4 fxe4 21. g4 Nf6 22. Bf4 a6 23. Be2 b5 24. Kd2 Raf8 25. Bg5 Kd7 26. a4 Kc6 27. axb5+ 1-0

[Event "San Francisco Leighton Memorial"]
[Site "San Francisco"]
[Date "2015.09.15"]
[Round "7"]
[White "Nassif, Wassim J"]
[Black "James, Charles"]
[Result "1/2-1/2"]
[WhiteElo "1368"]
[BlackElo "1583"]
[PlyCount "75"]
[EventDate "2015.08.04"]
[EventType "swiss"]
[EventRounds "9"]
[EventCountry "USA"]
[SourceTitle "EXT 2023"]
[Source "ChessBase"]
[SourceDate "2022.10.05"]
[SourceVersion "1"]
[SourceVersionDate "2022.10.05"]
[SourceQuality "1"]

1. e4 e6 2. d4 d5 3. e5 c5 4. c3 Nc6 5. Bb5 Bd7 6. Qe2 Qb6 7. a4 a6 8. Bxc6 Bxc6 9. Nf3 Be7 10. Be3 c4 11. 0-0 Qa5 12. Qc2 b5 13. b4 cxb3 14. Qxb3 bxa4 15. Qa2 Bb5 16. Rc1 Rc8 17. Bd2 Rc4 18. Na3 Bxa3 19. Qxa3 Ne7 20. Rcb1 Qc7 21. Rb4 0-0 22. Rc1 Rc8 23. Rxc4 dxc4 24. Be3 Nd5 25. Bd2 Qe7 26. Qxe7 Nxe7 27. Ra1 Nd5 28. Ne1 Rb8 29. Nc2 Rc8 30. g3 f6 31. f4 f5 32. Kf2 a5 33. Ra3 Rb8 34. h4 Bc6 35. Ke2 Rb3 36. Ke1 Rb1+ 37. Ke2 Rb3 38. Ke1 1/2-1/2

[Event "San Francisco TNM Winter op"]
[Site "San Francisco"]
[Date "2015.02.03"]
[Round "5"]
[White "James, Charles"]
[Black "Hack, Richard"]
[Result "0-1"]
[WhiteElo "1409"]
[BlackElo "1694"]
[PlyCount "60"]
[EventDate "2015.01.06"]
[EventType "swiss"]
[EventRounds "8"]
[EventCountry "USA"]
[SourceTitle "EXT 2016"]
[Source "ChessBase"]
[SourceDate "2015.10.08"]
[SourceVersion "1"]
[SourceVersionDate "2015.10.08"]
[SourceQuality "1"]

1. d4 f5 2. c4 g6 3. g3 Nf6 4. Nc3 Bg7 5. Nf3 0-0 6. Bg2 d6 7. 0-0 Nc6 8. e3 Qe8 9. d5 Ne5 10. Nxe5 dxe5 11. e4 f4 12. gxf4 Nh5 13. fxe5 Bxe5 14. Ne2 Nf4 15. Nxf4 Bxf4 16. Qd4 g5 17. e5 Qh5 18. Bxf4 Rxf4 19. Qd3 Bf5 20. Qc3 Rh4 21. Qg3 Rg4 22. Qf3 Be4 23. Qxe4 Rxe4 24. Bxe4 Qg4+ 25. Bg2 Rf8 26. Rac1 h5 27. Rc3 h4 28. h3 Qd4 29. e6 Rf4 30. b3 Qxc3 0-1

[Event "San Francisco TNM Fall op"]
[Site "San Francisco"]
[Date "2014.11.04"]
[Round "3"]
[White "Matz, James I"]
[Black "James, Charles"]
[Result "1-0"]
[WhiteElo "1785"]
[BlackElo "1542"]
[PlyCount "27"]
[EventDate "2014.10.21"]
[EventType "swiss"]
[EventRounds "8"]
[EventCountry "USA"]
[SourceTitle "EXT 2016"]
[Source "ChessBase"]
[SourceDate "2015.10.08"]
[SourceVersion "1"]
[SourceVersionDate "2015.10.08"]
[SourceQuality "1"]

1. Nf3 d6 2. g3 b6 3. Bg2 Bb7 4. 0-0 e5 5. d3 Nf6 6. e4 Be7 7. Nc3 0-0 8. Nh4 Nc6 9. Nf5 Nd4 10. Nxd4 exd4 11. Ne2 c5 12. Re1 Qc7 13. Bf4 Ng4 14. Bd2 1-0